000 00748nam a2200253Ia 4500
003 OSt
005 20221006154102.0
006 a|||||r|||| 00| 0
007 ta
008 221006b |||||||| |||| 00| 0 eng d
020 _a0822325187
024 _a34,364
037 _bGift, Japan foundation
_cTextual
040 _aEASL
_cEASL
_beng
041 _2eng
_aeng
082 _aY:1.42.F, P0
100 _aMarre Thomas La Au.
_9666570
245 0 _aUncovered Heian Japan
_b Archaeology of sensation and inscription
260 _aLondon
_bDuke university press USA
_c2000
300 _a237p.
_ccm.
490 _v JEL
942 _hY:1.42.F, P0
_cTEXL
_2CC
999 _c1102450
_d1102450